Living the science of harmonious union : (Record no. 37513)

MARC details
000 -LEADER
fixed length control field 00820nam a22002177a 4500
005 - DATE AND TIME OF LATEST TRANSACTION
control field 20100724115719.0
010 ## - LCCN (DPL NO)
LC control number ENG-96469
020 ## - INTERNATIONAL STANDARD BOOK NUMBER
International Standard Book Number 9788124604946
Terms of availability 495.00
035 ## - SYSTEM CONTROL NUMBER
System control number EN-80002
037 ## - SOURCE OF ACQUISITION
Source of stock number/acquisition DBAD/PUB
082 ## - DEWEY DECIMAL CLASSIFICATION NUMBER
Classification number 181.452
100 ## - MAIN ENTRY--PERSONAL NAME
Personal name Yati, Nitya Chaitanya
245 ## - TITLE STATEMENT
Title Living the science of harmonious union :
Statement of responsibility, etc by Nitya Chaitanya Yati
Remainder of title principles and practice of Patanjali's Yoga sastra /
260 ## - PUBLICATION, DISTRIBUTION, ETC. (IMPRINT)
Place of publication, distribution, etc New Delhi
Name of publisher, distributor, etc D. K Printworld
Date of publication, distribution, etc 2009
270 ## - ADDRESS
Address F-52,Bali Nagar,Ramesh Nagar Metro Station
City New Delhi
Postal code 110015
300 ## - PHYSICAL DESCRIPTION
Extent xviii,396p.
Dimensions 23cm (pbk)
500 ## - GENERAL NOTE
General note Includes Index
700 ## - ADDED ENTRY--PERSONAL NAME
9 (RLIN) 1166
942 ## - ADDED ENTRY ELEMENTS (KOHA)
Source of classification or shelving scheme Dewey Decimal Classification
Item type English Books
Classification part 181.452
Call number suffix YAT
Holdings
Withdrawn status Lost status Not for loan Home library Current library Date acquired Source of acquisition Cost, normal purchase price Full call number Barcode Copy number Cost, replacement price Koha item type
    Not For Loan D.B.Act.Division D.B.Act.Division 24/07/2010 DBAD/PUB 495.00 181.452 YAT EN-80002 1 495.00 English Books

© Delhi Public Library
Hit Counter
free hit counter